000 01233cam a2200301 a 4500
001 533585
003 OSt
005 20240612150613.0
008 870812r19871933enkaf b 001 0 eng
010 _a 87023918
020 _a0521349761 (pbk.)
040 _aDLC
_cMUST
_dDLC
050 0 0 _aQB991.E94
_bE33 1987
082 0 0 _a523.1 EDD 1933
_219
100 1 _aEddington, Arthur Stanley,
_cSir,
_d1882-1944.
_913675
245 1 4 _aThe expanding universe /
_cby Sir Arthur Eddington.
260 _aCambridge [Cambridgeshire] ;
_aNew York :
_bCambridge University Press,
_c1987, c1933.
300 _axxiii, 127 p., [2] leaves of plates :
_bill. ;
_c18 cm.
440 0 _aCambridge science classics
_913676
500 _aReprint. Originally published: Cambridge : University Press, 1933.
504 _aIncludes bibliographical references and index.
650 0 _aExpanding universe.
_913329
856 4 1 _3Sample text
_uhttp://www.loc.gov/catdir/samples/cam034/87023918.html
856 4 2 _3Publisher description
_uhttp://www.loc.gov/catdir/description/cam023/87023918.html
856 4 1 _3Table of contents
_uhttp://www.loc.gov/catdir/toc/cam028/87023918.html
906 _a7
_bcbc
_corignew
_d1
_eocip
_f19
_gy-gencatlg
942 _2ddc
_cO_SHELF
999 _c8440
_d8440